LABC and ACAI compliance actions survey (Record no. 114227)

MARC details
000 -LEADER
fixed length control field 01005cad a22002175a 4500
001 - CONTROL NUMBER
control field L156384
008 - FIXED-LENGTH DATA ELEMENTS--GENERAL INFORMATION
fixed length control field 120516u2012 xxk g 000 0 eng d
035 ## - SYSTEM CONTROL NUMBER
System control number (Sirsi) u156384
041 0# - LANGUAGE CODE
Language code of text/sound track or separate title eng
110 2# - MAIN ENTRY--CORPORATE NAME
Corporate name or jurisdiction name as entry element Building Control Alliance
9 (RLIN) 5309
245 00 - TITLE STATEMENT
Title LABC and ACAI compliance actions survey
Medium [electronic resource]
260 ## - PUBLICATION, DISTRIBUTION, ETC.
Name of publisher, distributor, etc.
Date of publication, distribution, etc. 2012
520 ## - SUMMARY, ETC.
Summary, etc. A research project ran jointly by LABC and ACAI through the Building Control Alliance. Its objective was to establish the level of compliance actions undertaken by all Building Control Bodies (BCBs) both public and private sector. Published March 2012.
590 ## - LOCAL NOTE (RLIN)
Local note KA
651 #4 - SUBJECT ADDED ENTRY--GEOGRAPHIC NAME
Geographic name United Kingdom
Chronological subdivision
690 ## - LOCAL SUBJECT ADDED ENTRY--TOPICAL TERM (OCLC, RLIN)
Topical term or geographic name as entry element Building regulations
9 (RLIN) 6224
710 2# - ADDED ENTRY--CORPORATE NAME
Corporate name or jurisdiction name as entry element LABC
710 1# - ADDED ENTRY--CORPORATE NAME
Corporate name or jurisdiction name as entry element Association of Consultant Approved Inspectors
9 (RLIN) 5311
856 40 - ELECTRONIC LOCATION AND ACCESS
Uniform Resource Identifier <a href="https://www.labc.uk.com/Media/Default/Research%20March%202012/LABC_ACAI_Compliance_Actions_Research_Report_for_BCA_March_2012_Final.pdf">https://www.labc.uk.com/Media/Default/Research%20March%202012/LABC_ACAI_Compliance_Actions_Research_Report_for_BCA_March_2012_Final.pdf</a>
Public note View this item free of charge at www.labc.uk.com
942 ## - ADDED ENTRY ELEMENTS (KOHA)
Suppress in OPAC 0
Holdings
Withdrawn status Lost status Source of classification or shelving scheme Damaged status Not for loan Home library Current library Shelving location Date acquired Total Checkouts Full call number Barcode Date last seen Copy number Price effective from Koha item type
    Dewey Decimal Classification     Virtual Virtual Online 16/05/2012   ONLINE PUBLICATION 156384-2001 06/08/2019 1 06/08/2019 Book